[Event "Belgrade-chT2 Quality"]
[Site "Belgrade"]
[Date "2022.11.13"]
[Round "11.7"]
[White "Petrovic, Vladan Z"]
[Black "Kurtanovic, Besim"]
[Result "1/2-1/2"]
[WhiteElo "1798"]
[BlackElo "1956"]
[PlyCount "84"]
[EventDate "2022.10.15"]
[EventType "team-tourn"]
[EventRounds "13"]
[EventCountry "SRB"]
[SourceTitle "EXT 2024"]
[Source "ChessBase"]
[SourceDate "2023.10.10"]
[SourceVersion "1"]
[SourceVersionDate "2023.10.10"]
[SourceQuality "1"]
[WhiteTeam "Lazarevac Kolubara"]
[BlackTeam "Sremcica"]
[WhiteTeamCountry "SRB"]
[BlackTeamCountry "SRB"]

1. e3 d5 2. f4 f5 3. Nf3 Nf6 4. d4 e6 5. Bd3 c5 6. c3 Nc6 7. 0-0 Bd6 8. Ne5 0-0 9. Nd2 cxd4 10. exd4 Qb6 11. Qe2 Ne4 12. Ndf3 Rf6 13. Be3 Qd8 14. a3 Bd7 15. Rac1 Rc8 16. c4 Rh6 17. c5 Bc7 18. b4 Be8 19. Nxc6 bxc6 20. Bxe4 fxe4 21. Ne5 Rf6 22. Qg4 Rf5 23. Bf2 Bxe5 24. fxe5 Bh5 25. Qh3 Be2 26. Rfe1 Bd3 27. Be3 Qd7 28. Qg4 Rcf8 29. h4 Qf7 30. Ra1 Kh8 31. Rec1 h6 32. Kh2 Kh7 33. Kg1 g6 34. Kh2 Qc7 35. Re1 Rh5 36. Kg3 Qf7 37. Ra2 Rf5 38. Kh2 Rg8 39. Rb2 a6 40. Rc1 Rh8 41. Rd1 Rg8 42. Ra1 Bc4 1/2-1/2

[Event "Belgrade-chT2 Quality"]
[Site "Belgrade"]
[Date "2022.11.12"]
[Round "10.8"]
[White "Popovic, Andrija"]
[Black "Kurtanovic, Besim"]
[Result "1/2-1/2"]
[WhiteElo "2121"]
[BlackElo "1956"]
[PlyCount "77"]
[EventDate "2022.10.15"]
[EventType "team-tourn"]
[EventRounds "13"]
[EventCountry "SRB"]
[SourceTitle "EXT 2024"]
[Source "ChessBase"]
[SourceDate "2023.10.10"]
[SourceVersion "1"]
[SourceVersionDate "2023.10.10"]
[SourceQuality "1"]
[WhiteTeam "Belgrade Polet"]
[BlackTeam "Sremcica"]
[WhiteTeamCountry "SRB"]
[BlackTeamCountry "SRB"]

1. e4 e5 2. Nf3 d6 3. d4 exd4 4. Nxd4 Nf6 5. Nc3 Be7 6. Bc4 a6 7. a4 0-0 8. f3 Nbd7 9. Nf5 Ne5 10. Nxe7+ Qxe7 11. Ba2 Be6 12. Bg5 h6 13. Bh4 Ng6 14. Bg3 Bxa2 15. Rxa2 Nh5 16. Qd2 Nxg3 17. hxg3 c6 18. 0-0 f5 19. Re1 fxe4 20. Rxe4 Qf6 21. Qe2 d5 22. Re6 Qf7 23. Ra1 Rae8 24. Re1 Rxe6 25. Qxe6 Qxe6 26. Rxe6 Kf7 27. Re2 Kf6 28. a5 Ne5 29. b3 Nd7 30. Kf2 b6 31. axb6 Nxb6 32. Re1 Ra8 33. f4 h5 34. Kf3 Kg6 35. g4 hxg4+ 36. Kxg4 Nd7 37. Kf3 Rh8 38. Ra1 Nb8 39. Ne2 1/2-1/2

[Event "Belgrade-chT2 Quality"]
[Site "Belgrade"]
[Date "2022.11.06"]
[Round "9.7"]
[White "Simic, Goran N"]
[Black "Kurtanovic, Besim"]
[Result "0-1"]
[WhiteElo "1982"]
[BlackElo "1956"]
[PlyCount "62"]
[EventDate "2022.10.15"]
[EventType "team-tourn"]
[EventRounds "13"]
[EventCountry "SRB"]
[SourceTitle "EXT 2024"]
[Source "ChessBase"]
[SourceDate "2023.10.10"]
[SourceVersion "1"]
[SourceVersionDate "2023.10.10"]
[SourceQuality "1"]
[WhiteTeam "Novi Belgrade Technicka"]
[BlackTeam "Sremcica"]
[WhiteTeamCountry "SRB"]
[BlackTeamCountry "SRB"]

1. c4 e5 2. Nc3 c5 3. e4 d6 4. d3 f5 5. g3 Nf6 6. Bg2 Nc6 7. Nge2 Be7 8. 0-0 0-0 9. a3 fxe4 10. dxe4 Be6 11. Nd5 Bxd5 12. exd5 Nd4 13. Nxd4 cxd4 14. b3 a6 15. f4 Qc7 16. fxe5 dxe5 17. Bg5 Rae8 18. Bxf6 Bxf6 19. Be4 b5 20. Qd3 g6 21. cxb5 axb5 22. Rac1 Qe7 23. Rc6 Bg5 24. d6 Qd7 25. Qxb5 Qh3 26. Qd5+ Kg7 27. Rc7+ Kh6 28. Rcf7 Rxf7 29. Qxf7 Rd8 30. Qd5 Be3+ 31. Rf2 Rc8 0-1

[Event "Belgrade-chT2 Quality"]
[Site "Belgrade"]
[Date "2022.10.28"]
[Round "5.6"]
[White "Marjanovic, Dragan"]
[Black "Kurtanovic, Besim"]
[Result "1/2-1/2"]
[WhiteElo "1838"]
[BlackElo "1956"]
[PlyCount "48"]
[EventDate "2022.10.15"]
[EventType "team-tourn"]
[EventRounds "13"]
[EventCountry "SRB"]
[SourceTitle "EXT 2024"]
[Source "ChessBase"]
[SourceDate "2023.10.10"]
[SourceVersion "1"]
[SourceVersionDate "2023.10.10"]
[SourceQuality "1"]
[WhiteTeam "Zemun"]
[BlackTeam "Sremcica"]
[WhiteTeamCountry "SRB"]
[BlackTeamCountry "SRB"]

1. d4 d5 2. Nf3 c6 3. c3 f5 4. g3 Nf6 5. Bg2 e6 6. Nbd2 Bd6 7. e3 0-0 8. 0-0 Nbd7 9. a4 Qe7 10. b3 Ne4 11. Bb2 Ndf6 12. a5 Bd7 13. Ne5 c5 14. Nxd7 Nxd7 15. Nf3 Rac8 16. Qd3 c4 17. Qd1 cxb3 18. Qxb3 Rc7 19. Rfd1 Rfc8 20. Rac1 b6 21. a6 Nb8 22. Bf1 Nc6 23. Rd3 Na5 24. Qa2 Nc4 1/2-1/2

[Event "Belgrade-chT Quality"]
[Site "Belgrade"]
[Date "2015.10.11"]
[Round "4"]
[White "Zarkovic, Milos"]
[Black "Kurtanovic, Besim"]
[Result "1-0"]
[WhiteElo "1827"]
[BlackElo "1938"]
[PlyCount "63"]
[EventDate "2015.10.03"]
[EventType "team-tourn"]
[EventRounds "11"]
[EventCountry "SRB"]
[SourceTitle "EXT 2018"]
[Source "ChessBase"]
[SourceDate "2017.10.13"]
[SourceVersion "1"]
[SourceVersionDate "2017.10.13"]
[SourceQuality "1"]

1. d4 d5 2. c4 e5 3. dxe5 d4 4. Nf3 Nc6 5. a3 Bf5 6. Nbd2 Qe7 7. Nb3 0-0-0 8. Qd2 Bg4 9. Qc2 Bxf3 10. gxf3 Nxe5 11. Bh3+ Kb8 12. 0-0 d3 13. exd3 Nxf3+ 14. Kg2 Nh4+ 15. Kh1 Qf6 16. Bg2 Nxg2 17. Kxg2 Qg6+ 18. Kh1 Rxd3 19. Re1 Qc6+ 20. Kg1 Rd6 21. Bf4 Rg6+ 22. Bg3 Nf6 23. Nd4 Qc5 24. b4 Qh5 25. c5 a6 26. Rac1 Qh3 27. b5 Nh5 28. Re8+ Ka7 29. b6+ cxb6 30. cxb6+ Kxb6 31. Qc7+ Ka7 32. Ra8+ 1-0

[Event "Belgrade City-chT"]
[Site "Belgrade"]
[Date "2013.11.13"]
[Round "9"]
[White "Kurtanovic, Besim"]
[Black "Mladenovic, Aleksandar"]
[Result "1/2-1/2"]
[WhiteElo "1986"]
[BlackElo "1877"]
[PlyCount "73"]
[EventDate "2013.10.26"]
[EventType "team-tourn"]
[EventRounds "11"]
[EventCountry "SRB"]
[SourceTitle "EXT 2015"]
[Source "ChessBase"]
[SourceDate "2014.11.20"]
[SourceVersion "1"]
[SourceVersionDate "2014.11.20"]
[SourceQuality "1"]

1. d4 Nf6 2. c4 e6 3. Nc3 Bb4 4. a3 Bxc3+ 5. bxc3 0-0 6. Nf3 c5 7. Qc2 d5 8. e3 Nbd7 9. Bd3 dxc4 10. Bxc4 b6 11. e4 Bb7 12. e5 Nd5 13. Bd3 h6 14. 0-0 Rc8 15. Qb2 cxd4 16. cxd4 Nb8 17. Bd2 Nc6 18. Rac1 Qd7 19. Bb1 Nde7 20. Be3 Ba6 21. Rfd1 Na5 22. Nd2 Nd5 23. Ba2 Rxc1 24. Rxc1 Rc8 25. h3 Rxc1+ 26. Qxc1 Qa4 27. Ne4 Bc4 28. Bb1 b5 29. Nc5 Nb3 30. Qc2 Nxc5 31. Qh7+ Kf8 32. dxc5 Qxa3 33. Qh8+ Ke7 34. Qb8 Qa6 35. Bd4 b4 36. Be3 b3 37. Kh2 1/2-1/2

[Event "Belgrade City-chT"]
[Site "Belgrade"]
[Date "2013.11.02"]
[Round "3"]
[White "Kurtanovic, Besim"]
[Black "Bosnic, Miroslav"]
[Result "1-0"]
[WhiteElo "1986"]
[BlackElo "2075"]
[PlyCount "71"]
[EventDate "2013.10.26"]
[EventType "team-tourn"]
[EventRounds "11"]
[EventCountry "SRB"]
[SourceTitle "EXT 2015"]
[Source "ChessBase"]
[SourceDate "2014.11.20"]
[SourceVersion "1"]
[SourceVersionDate "2014.11.20"]
[SourceQuality "1"]

1. d4 d5 2. c4 e5 3. e3 exd4 4. exd4 Nf6 5. c5 b6 6. cxb6 axb6 7. Nc3 c6 8. Bd3 Bd6 9. Nf3 0-0 10. 0-0 Bg4 11. h3 Bh5 12. Bg5 Nbd7 13. Re1 Qb8 14. a3 h6 15. Be3 Re8 16. Rc1 Ne4 17. g4 Bg6 18. Nh4 Nxc3 19. Rxc3 Bxd3 20. Qxd3 Qb7 21. Rec1 Rac8 22. Nf5 Bf8 23. g5 h5 24. Bf4 Re6 25. Qf3 g6 26. Ne3 Rce8 27. Nxd5 cxd5 28. Rc7 Re1+ 29. Rxe1 Rxe1+ 30. Kh2 Qa6 31. Rxd7 Qf1 32. Qg2 Qe2 33. Rxd5 Qxb2 34. Rd8 Re2 35. Bg3 Qb5 36. Qa8 1-0

[Event "Belgrade-chT Quality"]
[Site "Belgrade"]
[Date "2012.10.28"]
[Round "6"]
[White "Kurtanovic, Besim"]
[Black "Ruzicic, Sinisa"]
[Result "1/2-1/2"]
[WhiteElo "2002"]
[BlackElo "1992"]
[PlyCount "137"]
[EventDate "2012.10.13"]
[EventType "team-tourn"]
[EventRounds "11"]
[EventCountry "SRB"]
[SourceTitle "EXT 2019"]
[Source "ChessBase"]
[SourceDate "2018.10.10"]
[SourceVersion "1"]
[SourceVersionDate "2018.10.10"]
[SourceQuality "1"]

1. d4 d5 2. c4 c6 3. Nc3 Nf6 4. Bg5 e6 5. e3 Be7 6. Bd3 0-0 7. Nge2 Nbd7 8. Qc2 h6 9. Bxf6 Bxf6 10. 0-0 dxc4 11. Bxc4 Nb6 12. Bb3 e5 13. Rad1 Qe7 14. Ne4 exd4 15. Nxf6+ Qxf6 16. Rxd4 Be6 17. Rf4 Bxb3 18. Qxb3 Qe7 19. Ng3 Rad8 20. e4 Qg5 21. Qf3 Nc4 22. h4 Qe5 23. Qg4 Rd6 24. b3 Nd2 25. Re1 Rg6 26. Qf5 Qc3 27. Re3 Qc1+ 28. Kh2 Nf1+ 29. Nxf1 Qxf1 30. Rg3 Rxg3 31. fxg3 Qa1 32. a4 Qa3 33. Rf3 Qe7 34. Rd3 Rd8 35. Rf3 Re8 36. e5 Qe6 37. Qf4 Re7 38. Qd4 b6 39. Qe4 Qd5 40. Qf5 Qe6 41. Qe4 c5 42. Rd3 g6 43. Qa8+ Kh7 44. Re3 h5 45. Qb8 Kg7 46. Qa8 c4 47. bxc4 Qxc4 48. Qf3 Re6 49. Rc3 Qg4 50. Qa8 Qd4 51. Rc8 Qxe5 52. Rh8 Kf6 53. Qxa7 Kg7 54. Qa8 Qd6 55. Qg8+ Kf6 56. Rh7 Re7 57. Qf8 Qc7 58. Qh6 Re4 59. Qg5+ Ke6 60. Qxg6+ fxg6 61. Rxc7 Kf5 62. Rc6 Rb4 63. a5 bxa5 64. Rc5+ Kf6 65. Rxa5 Rc4 66. Rg5 Rb4 67. Kh3 Rb3 68. Ra5 Rc3 69. Ra1 1/2-1/2

[Event "Belgrade-chT Quality"]
[Site "Belgrade"]
[Date "2012.10.20"]
[Round "3.2"]
[White "Djalovic, Velizar"]
[Black "Kurtanovic, Besim"]
[Result "1/2-1/2"]
[WhiteElo "2107"]
[BlackElo "2002"]
[PlyCount "102"]
[EventDate "2012.10.13"]
[EventType "team-tourn"]
[EventRounds "11"]
[EventCountry "SRB"]
[SourceTitle "EXT 2019"]
[Source "ChessBase"]
[SourceDate "2018.10.10"]
[SourceVersion "1"]
[SourceVersionDate "2018.10.10"]
[SourceQuality "1"]

1. e4 d5 2. exd5 Qxd5 3. Nc3 Qa5 4. g3 Nf6 5. Bg2 c6 6. Nge2 Bg4 7. 0-0 e6 8. h3 Bh5 9. d3 Bd6 10. Ne4 Nxe4 11. dxe4 Qc7 12. f4 f6 13. g4 Bf7 14. b3 e5 15. f5 Bc5+ 16. Kh2 Nd7 17. c3 a5 18. Ng3 Be7 19. Qe2 a4 20. b4 b5 21. Rd1 Bc4 22. Qf3 c5 23. a3 0-0 24. Nf1 Bb3 25. Rd2 Nb6 26. h4 Rfd8 27. g5 Nc4 28. Rf2 Bd1 29. Qg3 Rd6 30. gxf6 Bxf6 31. Bg5 Bb3 32. Bxf6 Rxf6 33. Bf3 cxb4 34. cxb4 Qe7 35. Kh3 Rd8 36. Nh2 Kh8 37. Rg1 Rfd6 38. Be2 Nd2 39. Qe3 Bc4 40. Rg3 Rd4 41. Bf3 Rd3 42. Qe1 Qd6 43. Ng4 h5 44. Ne3 Rxa3 45. Nd5 Nxf3 46. Rfxf3 Rxf3 47. Rxf3 Bxd5 48. Rd3 Qc6 49. Qd1 Qc4 50. exd5 Kg8 51. d6 Qf4 1/2-1/2